000 00524 a2200145 4500
005 20250515141957.0
020 _a0-471-44453-7
082 _aLECT 658.15 TIE
111 _aTiE: The Indus Enterpreneurs
245 _aEssentials of Entrepreneurship: What it takes to create successful Enterprises.
260 _aNew York,
_bWiley John Wiley & Sons, Inc.
_c2003.
300 _axiii, 370p.: ill.; figure, tables,
_bindex.
_c23cm.
700 _aBRUTOCO, R. S., CHOPRA, D., DRAPER, W. H., GUPTA, R. & HSU T. L.
942 _2ddc
_cBKS
999 _c2310
_d2310